00511nam a2200205Ia 4500003000400000005001700004008004100021020002200062040000700084041000800091082002100099100002600120245002800146250000600174260004500180300003000225365001300255650001400268650002300282OSt20230623100918.0210423s2004 xx 000 0 und d a978-81-85015-59-0 cAL aeng a541.3 223bCASP aCASTELLAN (Gilbert W) aPhysical chemistry Ed 3 a3 aNew DelhibNarosa Publishing Housec2004 axi,943,A.46,S.11,I.17bPB b525cINR aChemistry aPhysical Chemistry